Minorités en Méditerranée au XIXe siècle : identités, identifications, circulations /

محفوظ في:

المؤلف الرئيسي: Assan, Valérie (مؤلف)

مؤلفون آخرون: Heyberger, Bernard., Vogel, Jakob.

التنسيق: كتاب

اللغة: French

سلاسل: Histoire.

الموضوعات:

الوسوم: إضافة وسم

لا توجد وسوم, كن أول من يضع وسما على هذه التسجيلة!

رقم الطلب: JC312 .M5535

LEADER 01419nam a22003617a 4500
003 OSt
005 20260112132849.0
008 260112t2019 fr a g b 101 0 fre d
020 |a 9782753575929 
040 |c ARCE Library 
041 0 |a fre  |b fre  |b eng  
043 |a mm-----  
050 1 4 |a JC312  |b .M5535 
100 1 |a Assan, Valérie,  |e author  |9 25755 
245 1 0 |a Minorités en Méditerranée au XIXe siècle :  |b identités, identifications, circulations /  |c Sous la direction de Valérie Assan, Bernard Heyberger, Jakob Vogel. 
246 3 |a Minorités en Méditerranée au 19e siècle  
246 3 |a Minorités en Méditerranée au dix-neuvième siècle 
264 1 |a Rennes :  |b Presses universitaires de Rennes,  |c 2019. 
300 |a 284 pages :  |b Illustrations ;  |c 24 cm. 
336 |a text  |b txt  |2 rdacontent 
337 |a unmediated  |b n  |2 rdamedia 
338 |a volume  |b nc  |2 rdacarrier 
490 0 |a Histoire. 
500 |a Proceedings of a colloquium held in Paris, France, March 23-24, 2016. 
504 |a Includes bibliographical references and index. 
546 |a Contributions in French, includes abstracts in French and English.  
650 0 |a Group identity  |z Mediterranean Region  |x History  |v Congresses. 
650 0 |a Minorities  |z Mediterranean Region  |x History  |v Congresses. 
700 1 |a Heyberger, Bernard.  |9 32011 
700 1 |a Vogel, Jakob. 
901 |a reviewed 
942 |c BK  |2 lcc 
999 |c 31109  |d 31109